000 00632nam a2200181Ia 4500
008 100920s9999 xx 000 0 und d
082 _b40360
_a28 व 891 0
100 _aअनुवाद-गोरे भा.म.
245 _aलिली आणि मोगरा.
260 _bचित्रशाळा प्रकाशन.पुणे2.
_c0
300 _a71
_bसाधी
365 _b0.5
520 _aबा.वि.लघुकथा.
630 _aलिली आणि मोगरा.
650 _aबा.वि.लघुकथा.
730 _aलिली आणि मोगरा.
942 _cBOOK
999 _c691449
_d691446